[Event "Lichtenberger Sommer 2023"]
[Site "Berlin"]
[Date "2023.08.18"]
[Round "7.78"]
[White "Nguyen, Viet Anh"]
[Black "Aßmus, Sven"]
[Result "1/2-1/2"]
[WhiteElo "1425"]
[BlackElo "1683"]
[PlyCount "40"]
[EventDate "2023.??.??"]
[WhiteTeam "SC Friesen Lichtenberg e.V."]
[BlackTeam "SV Mattnetz Berlin e.V."]

1. e4 c6 2. Nf3 d5 3. Nc3 Bg4 4. h3 Bh5 5. exd5 cxd5 6. d4 e6 7. Be2 Nc6 8. O-O
Nf6 9. Bf4 Be7 10. a4 O-O 11. g4 Bg6 12. Ne5 Nxe5 13. dxe5 Ne4 14. Nxe4 Bxe4
15. f3 Bg6 16. Be3 Qa5 17. Kg2 Rfd8 18. Bd4 Qc7 19. Bd3 Bxd3 20. Qxd3 Qc4
1/2-1/2

[Event "Lichtenberger Sommer 2023"]
[Site "Berlin"]
[Date "2023.08.18"]
[Round "7.79"]
[White "Uhlenbrock, Sven"]
[Black "Schmidt, Alexander Nadvid"]
[Result "1-0"]
[WhiteElo "1659"]
[BlackElo "1274"]
[PlyCount "49"]
[EventDate "2023.??.??"]
[WhiteTeam "vereinslos"]
[BlackTeam "SK Zehlendorf e.V."]

1. d4 d5 2. Bf4 e6 3. e3 Nf6 4. Nd2 c5 5. c3 Nc6 6. Ngf3 c4 7. a4 Qa5 8. b4 Qb6
9. Qc2 a5 10. b5 Ne7 11. Bxc4 dxc4 12. Nxc4 Qa7 13. Nd6+ Kd7 14. Nxf7 Rg8 15.
N3e5+ Ke8 16. Ng5 Nfd5 17. Nxh7 Nxc3 18. Nxf8 Rxf8 19. Qxc3 Nd5 20. Qd2 Nxf4
21. exf4 Bd7 22. O-O Rd8 23. Rfd1 Bc8 24. Rac1 b6 25. Nc6 1-0

[Event "Lichtenberger Sommer 2023"]
[Site "Berlin"]
[Date "2023.08.18"]
[Round "7.80"]
[White "Hauer, Benno"]
[Black "Sklorz, Tobias"]
[Result "0-1"]
[WhiteElo "1330"]
[BlackElo "1658"]
[PlyCount "172"]
[EventDate "2023.??.??"]
[WhiteTeam "SVG Saarbrücken 1970 e.V."]
[BlackTeam "Tempelhofer SV Mariendorf 1897"]

1. b3 d5 2. Bb2 Nf6 3. e3 Bf5 4. Nf3 e6 5. Nc3 c5 6. Bb5+ Nbd7 7. Ne5 a6 8.
Nxd7 Nxd7 9. Bxd7+ Qxd7 10. Ne2 f6 11. O-O Bd6 12. d4 cxd4 13. Nxd4 Bg6 14. Rc1
e5 15. Nf3 Bf7 16. Nd2 b5 17. f4 O-O 18. f5 Bc5 19. Qe1 Qa7 20. Rf3 a5 21. a3
Qd7 22. Qg3 Bh5 23. Rff1 Kh8 24. Rce1 d4 25. exd4 Bxd4+ 26. Bxd4 Qxd4+ 27. Qf2
Rfd8 28. Ne4 Rac8 29. c3 Qxf2+ 30. Kxf2 Rd3 31. Re3 Rcd8 32. Rfe1 Bg4 33. Ng3
Rd2+ 34. Kf1 Ra2 35. h3 Bd1 36. b4 Rxa3 37. Ne4 axb4 38. cxb4 Ra4 39. Nc5 Rxb4
40. Ne6 Rd7 41. Rc3 Rc4 42. Rg3 Bc2 43. Ra1 Ba4 44. Rb3 Rd5 45. Rg3 Rd7 46. Rb3
Rb7 47. Nc5 Rxc5 48. Rxa4 Rb8 49. Rab4 g6 50. g4 Kg7 51. Ke2 Kf7 52. Ke3 Ke7
53. Ke4 Kd6 54. h4 Kc6 55. fxg6 hxg6 56. h5 gxh5 57. gxh5 Rh8 58. Kf5 Rxh5+ 59.
Kxf6 Rh6+ 60. Kf5 Rd6 61. Re4 Rdd5 62. Rbb4 Kd6 63. Kf6 Rc1 64. Rh4 Rf1+ 65.
Kg6 Kc5 66. Rbe4 Rd6+ 67. Kg5 Kd5 68. Rb4 Rb6 69. Rhe4 Rb8 70. Kg4 Rg8+ 71. Kh5
Rh1+ 72. Rh4 Rxh4+ 73. Kxh4 Kc5 74. Re4 Re8 75. Kg3 b4 76. Kf3 Rf8+ 77. Ke2 Rf5
78. Kd3 Kb5 79. Kc2 Ka4 80. Re3 b3+ 81. Kb2 Rf2+ 82. Kb1 Ka3 83. Re1 e4 84. Ka1
e3 85. Kb1 e2 86. Ka1 Rf1 0-1

[Event "Lichtenberger Sommer 2023"]
[Site "Berlin"]
[Date "2023.08.18"]
[Round "7.81"]
[White "Krawczyk, Harald"]
[Black "Udod, Oleksandra"]
[Result "0-1"]
[WhiteElo "1641"]
[BlackElo "845"]
[PlyCount "54"]
[EventDate "2023.??.??"]
[WhiteTeam "SG Rot-Weiß Neuenhagen"]
[BlackTeam "SK Zehlendorf e.V."]

1. d4 Nf6 2. c4 c5 3. d5 b5 4. cxb5 a6 5. bxa6 Bxa6 6. Nc3 g6 7. Nf3 Bg7 8. g3
d6 9. Bg2 O-O 10. O-O Nbd7 11. Re1 Nb6 12. e4 Qd7 13. Nd2 Bd3 14. Bf1 Bxf1 15.
Rxf1 Ng4 16. Qe2 f5 17. f4 Bd4+ 18. Kh1 fxe4 19. Ndxe4 Qf5 20. Bd2 Nxd5 21.
Nxd5 Qxd5 22. Qxg4 Qxe4+ 23. Qf3 Qxf3+ 24. Rxf3 Bxb2 25. Rb1 Rxa2 26. Rb3 Bd4
27. Be3 c4 0-1

[Event "Lichtenberger Sommer 2023"]
[Site "Berlin"]
[Date "2023.08.18"]
[Round "7.82"]
[White "von Huebschmann, Andreas"]
[Black "Pawlowski, Lion"]
[Result "1-0"]
[WhiteElo "1617"]
[BlackElo "1200"]
[PlyCount "55"]
[EventDate "2023.??.??"]
[WhiteTeam "vereinslos"]
[BlackTeam "SC Zugzwang 95 e.V."]

1. d4 d5 2. c4 e6 3. Nc3 Nf6 4. cxd5 exd5 5. Nf3 Be7 6. e3 O-O 7. Bd2 Bg4 8.
Be2 c5 9. O-O Nc6 10. dxc5 Bxc5 11. Nd4 Bxe2 12. Ncxe2 Rc8 13. Nxc6 Rxc6 14.
Rc1 Qd7 15. Bc3 Ne4 16. Bd4 Rfc8 17. Bxc5 Nxc5 18. Nd4 R6c7 19. b4 Ne6 20. Rxc7
Rxc7 21. Nxe6 Qxe6 22. Qb3 h6 23. Rd1 Rd7 24. f3 f5 25. Qd3 Qe5 26. e4 fxe4 27.
fxe4 Qxe4 28. Qxe4 1-0

[Event "Lichtenberger Sommer 2023"]
[Site "Berlin"]
[Date "2023.08.18"]
[Round "7.83"]
[White "Hildebrand, Azat"]
[Black "Engelhardt, Erhard"]
[Result "1/2-1/2"]
[WhiteElo "1419"]
[BlackElo "1709"]
[PlyCount "96"]
[EventDate "2023.??.??"]
[WhiteTeam "SC Borussia Lichtenberg"]
[BlackTeam "SSV Rotation Berlin e.V."]

1. d4 e6 2. Nf3 b6 3. e3 Bb7 4. Bd3 f5 5. c4 Bb4+ 6. Bd2 Qe7 7. a3 Bxd2+ 8.
Nbxd2 Nf6 9. Qc2 O-O 10. O-O d6 11. Rac1 Nbd7 12. Rfe1 Rad8 13. e4 fxe4 14.
Nxe4 Bxe4 15. Bxe4 Nxe4 16. Qxe4 Nf6 17. Qb7 a5 18. d5 e5 19. Nd4 Rb8 20. Qc6
Qd7 21. Qxd7 Nxd7 22. Ne6 Rfc8 23. f4 exf4 24. Nxf4 Ne5 25. Re3 Rf8 26. Ne6 Rf7
27. b3 Ng4 28. Rg3 Ne5 29. Rf1 Re7 30. Nd4 g6 31. Nf5 Ree8 32. Nh6+ Kg7 33.
Nf5+ Kh8 34. Nd4 Rf8 35. Rxf8+ Rxf8 36. Nf3 Nxf3+ 37. Rxf3 Rxf3 38. gxf3 Kg7
39. f4 Kf6 40. Kg2 Kf5 41. Kf3 h6 42. h4 Kf6 43. Kg4 h5+ 44. Kf3 Kf5 45. a4 Kf6
46. Ke4 Kf7 47. f5 Kf6 48. fxg6 Kxg6 1/2-1/2

[Event "Lichtenberger Sommer 2023"]
[Site "Berlin"]
[Date "2023.08.18"]
[Round "7.84"]
[White "Zesewitz, Uwe"]
[Black "Bunkens, Rudi"]
[Result "1/2-1/2"]
[WhiteElo "1378"]
[BlackElo "1694"]
[PlyCount "61"]
[EventDate "2023.??.??"]
[WhiteTeam "SV SF Friedrichshagen"]
[BlackTeam "Koninklijke Gentse SK"]

1. f4 d5 2. Nf3 Nf6 3. e3 Bg4 4. b3 Nbd7 5. Bb2 g6 6. Be2 Bg7 7. O-O c6 8. Qe1
Qc7 9. d3 O-O-O 10. Ng5 Bxe2 11. Qxe2 Rhf8 12. Nd2 h6 13. Ngf3 Ne8 14. Bxg7
Nxg7 15. a4 e5 16. b4 exf4 17. e4 dxe4 18. dxe4 Ne6 19. a5 Ne5 20. Nc4 Nxf3+
21. gxf3 Nd4 22. Qf2 Nb5 23. e5 a6 24. Rad1 Qe7 25. Rxd8+ Rxd8 26. Re1 Rd4 27.
Nd6+ Rxd6 28. exd6 Qxd6 29. Re8+ Kd7 30. Re4 Qf6 31. Qd2+ 1/2-1/2

[Event "Lichtenberger Sommer 2023"]
[Site "Berlin"]
[Date "2023.08.18"]
[Round "7.85"]
[White "Hieronimus, Matthias"]
[Black "Geiß, Anne"]
[Result "0-1"]
[WhiteElo "1673"]
[BlackElo "1437"]
[PlyCount "48"]
[EventDate "2023.??.??"]
[WhiteTeam "vereinslos"]
[BlackTeam "SC Kreuzberg e.V."]

1. c4 Nf6 2. g3 e6 3. Bg2 d5 4. Nf3 dxc4 5. Qa4+ Bd7 6. Qxc4 c5 7. b3 b5 8. Qc2
Nc6 9. Bb2 Rc8 10. d3 Be7 11. O-O O-O 12. Nbd2 Qc7 13. a3 Rfe8 14. Rac1 e5 15.
Ng5 Nd4 16. Qd1 h6 17. Ngf3 Nxf3+ 18. Bxf3 Bh3 19. Bg2 Bxg2 20. Kxg2 Qb7+ 21.
f3 Ng4 22. Qe1 Ne3+ 23. Kg1 Nxf1 24. Nxf1 f6 0-1

[Event "Lichtenberger Sommer 2023"]
[Site "Berlin"]
[Date "2023.08.18"]
[Round "7.86"]
[White "Maart, Hagen"]
[Black "Vaz da Cruz, Vinicius"]
[Result "0-1"]
[WhiteElo "1334"]
[BlackElo "1600"]
[PlyCount "110"]
[EventDate "2023.??.??"]
[WhiteTeam "Kieler SG von 18"]
[BlackTeam "SSV Rotation Berlin e.V."]

1. e4 e5 2. Nf3 Nc6 3. g3 Nf6 4. d3 Bc5 5. Be3 Bb6 6. Nc3 d5 7. Bxb6 axb6 8.
Bg2 O-O 9. O-O d4 10. Ne2 Re8 11. c3 dxc3 12. bxc3 Na5 13. Qb1 c5 14. c4 Nc6
15. Nc3 Bg4 16. Re1 Bxf3 17. Bxf3 Nd4 18. Bd1 Re6 19. Kg2 Nd7 20. Nd5 Rh6 21.
a4 Qg5 22. Ra2 f5 23. Rb2 f4 24. Kg1 f3 25. Re3 Qh5 26. h4 g5 27. Ne7+ Kh8 28.
Nf5 Nxf5 29. exf5 gxh4 30. Bxf3 Qxf5 31. Be4 Qg5 32. Kf1 h3 33. Ke2 Rf6 34. Qh1
Raf8 35. Bf3 Rh6 36. Kd1 Qe7 37. Kc1 h2 38. Be4 Qg5 39. Kb1 Kg8 40. Bd5+ Kh8
41. Bxb7 Qh5 42. f3 Qg5 43. Ree2 Qxg3 44. Rxh2 Rxh2 45. Rxh2 Rf7 46. Bd5 Rg7
47. Rh6 Qf2 48. Be4 Rg1+ 49. Qxg1 Qxg1+ 50. Kc2 Qd4 51. Rxh7+ Kg8 52. Rh6 Kg7
53. Rg6+ Kf7 54. Rh6 Nf6 55. Rh4 Qf2+ 0-1

[Event "Lichtenberger Sommer 2023"]
[Site "Berlin"]
[Date "2023.08.18"]
[Round "7.87"]
[White "Franz, Jonathan"]
[Black "Rapp, David"]
[Result "1-0"]
[WhiteElo "1537"]
[BlackElo "1271"]
[PlyCount "101"]
[EventDate "2023.??.??"]
[WhiteTeam "Potsdamer SV Mitte e.V."]
[BlackTeam "SV Königsjäger Süd-West e.V."]

1. d4 d5 2. c4 e6 3. Nc3 Nf6 4. cxd5 exd5 5. Bg5 Be7 6. Qc2 h6 7. Bh4 O-O 8. e3
c6 9. Bd3 Nbd7 10. Nge2 Nb6 11. O-O Qc7 12. Bg3 Bd6 13. Nb5 cxb5 14. Qxc7 Bxc7
15. Bxc7 Nc4 16. b3 Ne8 17. Bg3 Ncd6 18. Nc3 Be6 19. Nxb5 Nxb5 20. Bxb5 Nf6 21.
f3 Rac8 22. Rac1 Bf5 23. b4 a6 24. Ba4 Bd3 25. Rfd1 Bc4 26. a3 b5 27. Bc2 Ba2
28. Bd3 Bc4 29. Bxc4 bxc4 30. Bd6 Rfe8 31. Kf2 Re6 32. Bc5 Nd7 33. Re1 Nb6 34.
Bxb6 Rxb6 35. e4 dxe4 36. fxe4 f6 37. d5 Kf7 38. Rc3 Rb7 39. Rec1 Rbc7 40. Ke3
Ke7 41. Kd4 Kd6 42. Rxc4 Rxc4+ 43. Rxc4 Rxc4+ 44. Kxc4 g6 45. Kd4 h5 46. a4 h4
47. b5 a5 48. b6 g5 49. h3 Kd7 50. Kc5 Kc8 51. Kc6 1-0

[Event "Lichtenberger Sommer 2023"]
[Site "Berlin"]
[Date "2023.08.18"]
[Round "7.88"]
[White "Ettel, Ralf"]
[Black "Reißmann, Edmund"]
[Result "1-0"]
[WhiteElo "1511"]
[BlackElo "1094"]
[PlyCount "69"]
[EventDate "2023.??.??"]
[WhiteTeam "SK König Tegel 1949 e.V."]
[BlackTeam "SV Erzgebirge Stollber"]

1. c4 Nc6 2. Nc3 e5 3. g3 Nf6 4. Bg2 Be7 5. Nf3 d6 6. O-O O-O 7. d4 Bf5 8. Nh4
Bd7 9. d5 Nd4 10. e3 Nf5 11. Nxf5 Bxf5 12. e4 Bg4 13. Bf3 Bh3 14. Bg2 Qd7 15.
f4 exf4 16. Bxf4 c6 17. Re1 cxd5 18. cxd5 Bd8 19. Qd3 Bb6+ 20. Be3 Bxg2 21.
Kxg2 Qd8 22. Bg5 h6 23. Bxf6 Qxf6 24. Rf1 Qe7 25. Nb5 Rfe8 26. Rac1 Qxe4+ 27.
Qxe4 Rxe4 28. Nxd6 Re2+ 29. Kh3 f6 30. Rfd1 Rxb2 31. Nc8 Kh7 32. d6 Be3 33. d7
Bxc1 34. d8=Q Rc2 35. Qd3+ 1-0

[Event "Lichtenberger Sommer 2023"]
[Site "Berlin"]
[Date "2023.08.18"]
[Round "7.89"]
[White "Mielchen, Marvin"]
[Black "Koerber, Bernhard"]
[Result "0-1"]
[WhiteElo "1000"]
[BlackElo "1451"]
[PlyCount "84"]
[EventDate "2023.??.??"]
[WhiteTeam "vereinslos"]
[BlackTeam "SG Lasker Stegli"]

1. d4 Nf6 2. Bf4 d5 3. c3 e6 4. Nf3 c5 5. h3 Qb6 6. Qb3 Nbd7 7. e3 a6 8. Nbd2
Qa7 9. Be2 Be7 10. Qc2 b5 11. O-O O-O 12. Ne5 Bb7 13. Bh2 cxd4 14. cxd4 Rac8
15. Qd3 Qb6 16. f4 Rc7 17. Ndf3 Rfc8 18. f5 Ne4 19. Nxd7 Rxd7 20. Rac1 Bd6 21.
Rxc8+ Bxc8 22. Rc1 Bxh2+ 23. Nxh2 Rc7 24. Rc2 exf5 25. Bf3 Bb7 26. Nf1 g6 27.
Nd2 Qa5 28. b4 Qb6 29. Bd1 Qd6 30. Nxe4 fxe4 31. Qf1 Rxc2 32. Bxc2 Qxb4 33. Qb1
Qd2 34. Qb3 Qe1+ 35. Kh2 Qf2 36. a4 Bc8 37. axb5 axb5 38. Bb1 Be6 39. Qc3 g5
40. Qa3 Bxh3 41. Qa8+ Kg7 42. Kxh3 Qh4# 0-1

[Event "Lichtenberger Sommer 2023"]
[Site "Berlin"]
[Date "2023.08.18"]
[Round "7.90"]
[White "Bernhofen, Helmut"]
[Black "Lange, Christoph"]
[Result "0-1"]
[WhiteElo "1549"]
[BlackElo "1320"]
[PlyCount "62"]
[EventDate "2023.??.??"]
[WhiteTeam "SC Kreuzberg e.V."]
[BlackTeam "TSG Oberschöneweide e.V."]

1. c4 e5 2. Nc3 Nf6 3. Nf3 Nc6 4. g3 Be7 5. Bg2 O-O 6. O-O Re8 7. d3 h6 8. a3
a5 9. e3 Bc5 10. d4 exd4 11. exd4 Ba7 12. Nb5 d6 13. Nxa7 Rxa7 14. h3 Bf5 15.
Be3 Ra8 16. Qb3 Rb8 17. Rfe1 Qd7 18. Kh2 Bh7 19. d5 Ne5 20. Nxe5 Rxe5 21. Bd4
Rxe1 22. Rxe1 Qd8 23. Qc3 c6 24. Bxf6 Qxf6 25. Qxf6 gxf6 26. dxc6 bxc6 27. Bxc6
Rxb2 28. Kg2 Rc2 29. Bd5 Rc3 30. a4 Kf8 31. Rb1 Bxb1 0-1

[Event "Lichtenberger Sommer 2023"]
[Site "Berlin"]
[Date "2023.08.18"]
[Round "7.91"]
[White "Schacht, Thomas"]
[Black "Dragnev, Stoyan"]
[Result "1-0"]
[WhiteElo "1518"]
[BlackElo "1100"]
[PlyCount "71"]
[EventDate "2023.??.??"]
[WhiteTeam "BSV 63 Chemie Weißensee"]
[BlackTeam "vereinslos"]

1. d4 d5 2. c4 c6 3. Nc3 Nf6 4. cxd5 cxd5 5. Bg5 Nc6 6. e3 Bf5 7. Bd3 Bg6 8. a3
h6 9. Bxf6 exf6 10. Bxg6 fxg6 11. Qg4 Ne7 12. Nge2 h5 13. Qf3 g5 14. g3 Qd6 15.
O-O Ng6 16. Qxd5 g4 17. Qxb7 Qd8 18. Qe4+ Ne5 19. dxe5 fxe5 20. Qxe5+ Qe7 21.
Qxe7+ Bxe7 22. Nd5 Bd6 23. b4 h4 24. Rfd1 O-O-O 25. Rac1+ Kd7 26. Ndf4 hxg3 27.
fxg3 g5 28. Ng2 Ke7 29. Nd4 Rdf8 30. Nc6+ Ke6 31. Nxa7 Rf3 32. Rc6 Ke5 33.
Rcxd6 Rhf8 34. Nc6+ Ke4 35. R1d4+ Kf5 36. e4# 1-0

[Event "Lichtenberger Sommer 2023"]
[Site "Berlin"]
[Date "2023.08.18"]
[Round "7.92"]
[White "Rohde, Carmen"]
[Black "Reekers, Anton"]
[Result "0-1"]
[WhiteElo "1000"]
[BlackElo "1508"]
[PlyCount "59"]
[EventDate "2023.??.??"]
[WhiteTeam "SV Mattnetz Berlin e.V."]
[BlackTeam "SC Kreuzberg e.V."]

1. e4 c5 2. Nf3 g6 3. Bc4 Bg7 4. Ng5 e6 5. d3 d5 6. exd5 exd5 7. Bb3 Nf6 8. O-O
O-O 9. c3 Nc6 10. Be3 Qd6 11. Qd2 Bf5 12. Bf4 Qd7 13. Qe3 Nh5 14. Re1 Nxf4 15.
Qxf4 Bxd3 16. Nd2 Rae8 17. Rec1 Re2 18. Qh4 h6 19. Qg3 Rxd2 20. Nf3 Rxb2 21.
Re1 Re8 22. Rxe8+ Qxe8 23. Re1 Re2 24. Rf1 Bxc3 25. Bd1 Rxa2 26. Re1 Bxe1 27.
Bb3 Bxf2+ 28. Qxf2 Rxf2 29. Kxf2 Kg7 (29... Qe2+ 30. Kg3 Nd4 31. Bxd5 Nxf3 32.
Bxf3 Qe1+ 33. Kf4 g5+ 34. Kg4 Qh4#) 30. Nd4 0-1

[Event "Lichtenberger Sommer 2023"]
[Site "Berlin"]
[Date "2023.08.18"]
[Round "7.93"]
[White "Lippianowski, Stefan"]
[Black "Biermann, Oliver"]
[Result "1-0"]
[WhiteElo "1064"]
[BlackElo "1174"]
[PlyCount "41"]
[EventDate "2023.??.??"]
[WhiteTeam "SV Mattnetz Berlin e.V."]
[BlackTeam "SC Kreuzberg e.V."]

1. e4 d5 2. Nc3 c6 3. d4 Nd7 4. exd5 cxd5 5. Bd2 Qb6 6. Nxd5 Qxd4 7. Nc7+ Kd8
8. Nxa8 Qe4+ 9. Be2 Qxg2 10. Bf4 e5 11. Bxe5 Qxh1 12. Kf1 Bc5 13. Bf3 Qxf3 14.
Nxf3 Ne7 15. Bc7+ Ke8 16. Bg3 Nf5 17. Nc7+ Ke7 18. Qe1+ Kf6 19. Nd5+ Kg6 20.
Qd2 b6 21. Qg5# 1-0

[Event "Lichtenberger Sommer 2023"]
[Site "Berlin"]
[Date "2023.08.18"]
[Round "7.94"]
[White "Lippert, Marc"]
[Black "Franchina, Giuseppe"]
[Result "0-1"]
[WhiteElo "1103"]
[BlackElo "1200"]
[PlyCount "42"]
[EventDate "2023.??.??"]
[WhiteTeam "SVG Läufer Reinickendorf e.V."]
[BlackTeam "vereinslos"]

1. e4 e5 2. Nf3 Nf6 3. d4 exd4 4. Bc4 Bc5 5. O-O Nc6 6. e5 Ne4 7. Re1 Nxf2 8.
Kxf2 O-O 9. Qd3 Nb4 10. Qe4 Nxc2 11. Qxc2 d3+ 12. Kf1 dxc2 13. Nc3 d5 14. Bxd5
Bb4 15. Ng5 Be6 16. Bxb7 Rb8 17. Be4 f6 18. Kg1 fxg5 19. Rd1 Bc5+ 20. Kh1 Qxd1+
21. Nxd1 Rf1# 0-1